000
00278nam a2200109Ia 4500
008
200302s9999 xx 000 0 und d
100
_a
Jim Sanderson & Other
245
_a
Landscape Ecology A Top - Down Approach
260
_b
Lewis Publishers
260
_c
2000
300
_a
246 P.,
999
_c
5473
_d
5473